Revista trimestral órgano de la Biblioteca Municipal de Quito /

محفوظ في:
التفاصيل البيبلوغرافية
مؤلفون آخرون: Chaves, Fernando (dirección) (dirección)
التنسيق: كتاب
اللغة:الإسبانية
منشور في: Quito, Ecuador : Biblioteca Municipal de Quito, 1959
الموضوعات:
الوسوم: إضافة وسم
لا توجد وسوم, كن أول من يضع وسما على هذه التسجيلة!

MARC

LEADER 00000nam^a2200000^a^4500
001 000112777
005 20250521000000.0
009 20260310093920.035
037 |a Acervo ITESO - Biblioteca 
041 |a ESP 
082 |a 020. 5  |b REV 1959 V. 1 
240 1 1 |a [Revista de la Biblioteca Municipal de Quito] 
245 1 0 |a Revista trimestral órgano de la Biblioteca Municipal de Quito /  |c Dir. de F. Chaves. 
264 1 |a Quito, Ecuador :  |b Biblioteca Municipal de Quito,  |c 1959 
300 |a 1 v. (sin paginación) 
336 |a texto  |b txt  |2 rdacontenido 
337 |a sin mediación  |b n  |2 rdamedio 
338 |a volumen  |b nc  |2 rdasoporte 
649 |a XX 
650 |a Bibliotecas -  |x Publicaciones Periódicas 
650 |a Publicaciones Periódicas Ecuatorianas 
650 |a Bibliotecas -  |z Quito, Ecuador -  |x Historia 
650 |a Bibliotecas -  |z Ecuador -  |x Historia 
650 |a Libros -  |x Historia 
650 |a Guayaquil, Ecuador -  |x Historia 
650 |a Ecuador -  |x Historia 
650 |a Perú -  |x Historia -  |y Descubrimiento y Conquista, 1522-1542 
650 |a Perú -  |x Historia -  |y Epoca Colonial, 1542-1824 
650 |a Río Nilo -  |x Bibliografías 
650 |a Ecuador -  |x Bibliografías 
650 |a Bibliografías 
650 |a Biblioteconomía 
700 |a Chaves, Fernando  |e (dirección) 
910 |a Fondo Salvador Reynoso Reynoso 
920 |a Impresos - Libros 
930 |a Fondos Especiales 
905 |a 112 
901 |a 0800002022  |b IT2  |c ESP  |u 20250521 
902 |a https://opac.biblio.iteso.mx/vufind/Record/000112777